000 00953nas a2200289 4500
001 BR2013007190
003 BR-BrBNA
005 20231205122935.0
007 ta
008 230509b bl.|||p| |||| 00| 00por d
040 _aBR-BrBNA
_bpor
_cBiblioteca Nacional de Agricultura
041 _a(En)
072 _aS01; S20; Q04
100 1 _aSantos-Zago, L.F.
100 1 _aBotelho, A.P.
100 1 _aOliveira, A.C. de
100 1 _aMaróstica Junior, M.R.
245 1 _aConjugated linoleic acid supplementation: lipid content and hepatic histology in healthy Wistar rats
650 _aÁCIDO LINOLEICO
650 _aSUPLEMENTO ALIMENTAR
650 _aMETABOLISMO
650 _aLIPÍDIO
773 0 _tCiência e Tecnologia de Alimentos (Brazil)
_xISSN 1678-457X
_g(Jan-Mar 2011), v. 31(1) p. 141-146
_wBR2013007190
856 4 0 _uhttp://www.scielo.br/pdf/cta/v31n1/20.pdf
909 _a202311
_bLúcia
_c55
_dLúcia Elande
942 _2AGRIS
_n0
_cANA
999 _c231370
_d231370